00356nam a2200133Ia 450000500170000000800410001702000150005808200130007310000170008624500190010326000430012230000130016550000440017820250704022748.0240331s9999 xx 000 0 und d a9552104580 bARIa954 aAriyaratne.S 0aMinneri deviyo aNugegodabM.D.Gunasena Book & Coc1992 a241 p ., aThe political narrative of King Mahasen